000
00322nam a22001457a 4500
008
221205b ||||| |||| 00| 0 eng d
020
_a
9996074765
041
_a
eng
080
_2
7th edition
_a
611
082
_a
611PAT
100
_a
10
101
_a
ANATO
245
_a
LABORATORY MANUAL
_c
PATTON T.K
942
_2
udc
_c
BK
999
_c
59083
_d
59083